The application of clinical genetics

Bibliographic Details
Format: Electronic Journal
Language:English
Published: [Auckland, N.Z.] : Dove Medical Press
Subjects:
Online Access:Full text available from Research Library: 01/01/2008 to present

MARC

LEADER 00000nas a2200000 a 4500
001 ssj0000401952
003 WaSeSS
005 20200512172242.0
006 m d
007 cr n
008 090428c20089999nz x p s 0 a0eng c
010 |a  2011237251 
016 7 |a 101579789  |2 DNLM 
022 |a 1178-704X  |l 1178-704X 
035 |a (WaSeSS)ssj0000401952 
040 |a NZ1  |b eng  |c NZ1  |d OCLCQ  |d TJC  |d CUS  |d CUI  |d NLM  |d OCLCQ  |d OCLCF  |d OCLCO  |d EUW  |d OCLCO  |d OCLCQ  |d OCLCO  |d OCLCQ  |d CASUM  |d OCLCO  |d OCLCQ  |d OCLCA  |d OCLCO  |d OCLCA  |d OCLCQ  |d OCLCA  |d WaSeSS 
042 |a pcc 
050 1 4 |a RB155 
060 1 0 |a W1 
082 0 4 |a 616.042  |2 22 
210 1 |a Appl. clin. genet. 
222 0 |a Application of clinical genetics 
245 0 4 |a The application of clinical genetics  |h [electronic resource]. 
260 |a [Auckland, N.Z.] :  |b Dove Medical Press 
310 |a Irregular 
362 1 |a Began with v. 1 (2008). 
500 |a Archived by the National Library of New Zealand. 
500 |a Hypertext links contained in the archived instances of this title are non-functional.  |5 Nz 
506 |a License restrictions may limit access. 
515 |a Articles added irregularly during the year and collected into annual issues. 
588 |a Description based on: Vol. 1 (2008); title from journal home page (publisher's Web site, viewed May 8, 2009). 
588 |a Latest issue consulted: 2012:5 (viewed Mar. 27, 2012). 
650 0 |a Medical genetics  |v Periodicals. 
650 0 |a Human genetics  |v Periodicals. 
650 0 |a Genetic disorders  |v Periodicals. 
650 7 |a Genetic disorders.  |2 fast  |0 (OCoLC)fst00940009 
650 7 |a Human genetics.  |2 fast  |0 (OCoLC)fst00963075 
650 7 |a Medical genetics.  |2 fast  |0 (OCoLC)fst01014133 
650 1 2 |a Genetics, Medical. 
655 0 |a Electronic journals. 
856 4 0 |z Full text available from Research Library: 01/01/2008 to present  |u https://search.proquest.com/publication/3933273